banner koha

Aves de Porto Alegre, RS. 1: Aves observadas na area central da cidade [Taxonomia animal; Ave ornamental; Ave domestica; Gallus domesticus; Rio Grande do Sul; Brasil] (Registro n. 333451)

MARC details
000 -LÍDER
campo de controle de tamanho fixo 01125naa a22002897a 4500
001 - NÚMERO DE CONTROLE
campo de controle BR7905887
003 - IDENTIFICADOR DO NÚMERO DE CONTROLE
campo de controle BR-BrBNA
005 - DATA E HORÁRIO DA ÚLTIMA TRANSAÇÃO
campo de controle 20250716090240.0
007 - CAMPO FIXO DE DESCRIÇÃO FÍSICA--INFORMAÇÃO GERAL
campo de controle de tamanho fixo ta
008 - CAMPO DE DADOS FIXOS--INFORMAÇÃO GERAL
campo de controle de tamanho fixo 250630b bl.|||m| |||| 00| 0 por d
040 ## - FONTE DA CATALOGAÇÃO
Instituição da catalogação original BR-BrBNA
Idioma da catalogação por
Instituição que transcreveu o registro Biblioteca Nacional de Agricultura
041 ## - CÓDIGO DE IDIOMA
Código do idioma do texto/trilha sonora ou título diferente (Pt)
072 ## - CÓDIGO DE CATEGORIA DE ASSUNTO
Código de Categoria de Assunto L60
Código do objeto 6700
-- 6000
-- G514
090 ## - NÚMERO DE CHAMADA LOCAL
Número de chamada L60 BR7905887
100 1# - ENTRADA PRINCIPAL--NOME PESSOAL
Nome pessoal Voss, W.A.
245 1# - TÍTULO
Título Aves de Porto Alegre, RS. 1: Aves observadas na area central da cidade [Taxonomia animal; Ave ornamental; Ave domestica; Gallus domesticus; Rio Grande do Sul; Brasil]
490 ## - TÍTULO DA SÉRIE
Título da série Pesquisas. Zoologia - Instituto Anchietano de Pesquisas (Brazil)
Número do volume ou designação sequencial da série no. 31
ISSN - International Standard Serial Number ISSN 0373-8418
500 ## - NOTA GERAL
Nota geral Notas sobre aves do Rio Grande do Sul<br/>Sao Leopoldo, RS (Brasil): 1979. p. 1-7 [11 ref.]<br/>(BR7905887-AMS)<br/>
650 ## - ASSUNTO--TERMO TÓPICO
Cabeçalho tópico ou nome geográfico Taxonomia animal
650 ## - ASSUNTO--TERMO TÓPICO
Cabeçalho tópico ou nome geográfico Ave ornamental
650 ## - ASSUNTO--TERMO TÓPICO
Cabeçalho tópico ou nome geográfico Ave domestica
650 ## - ASSUNTO--TERMO TÓPICO
Cabeçalho tópico ou nome geográfico Porto Alegre
650 ## - ASSUNTO--TERMO TÓPICO
Cabeçalho tópico ou nome geográfico Rio Grande do Sul
773 0# - ENTRADA ANALÍTICA
Título Notas sobre aves do Rio Grande do Sul
Número de controle do registro L60 BR7905887
Partes relacionadas Sao Leopoldo, RS (Brasil), 1979. p. 1-7
942 ## - ELEMENTOS DE ENTRADA ADICIONADOS (KOHA)
Tipo de material Koha Analítica de Monografia Seriada
Fonte da classificação ou esquema de arquivamento na estante Classificação AGRIS
909 ## -
-- 202506
-- Lúcia
-- 55
-- Lúcia Elande
Exemplares
Situação do descarte Fonte da classificação ou esquema de arquivamento na estante Situação física Não pode ser emprestado Coleção Biblioteca de origem Biblioteca atual Total de empréstimos Data de último acesso Número do exemplar Tipo de material Koha Situação das perdas Data de aquisição Fonte de aquisição
  Classificação AGRIS       Biblioteca Nacional de Agricultura - Binagri Biblioteca Nacional de Agricultura - Binagri   30/06/2025 01 Analítica de Monografia Seriada   2025-06-30 Portaria Interministerial nº 164/94

BINAGRI

Telefone: (61)3218-2567/2388/3357/2097 - binagri@agro.gov.br

Ministério da Agricultura e Pecuária , Esplanada dos Ministérios, Bloco D, Anexo B, Brasília/DF, CEP: 70.043-900